Analýza státních dluhopisů jako indikátoru pro akciový trh

Problematika odhadou budúcich výnosov na finančných trhoch. Dlhopisový trh ako indikátor akciového trhu. Porovnanie volatility štátneho dlhopisu a burzového indexu. Modelovanie volatility.

Gespeichert in:
Bibliographische Detailangaben
1. Verfasser: Křepelová, Marika
Weitere Verfasser: Jablonský, Josef
Format: Buchkapitel
Sprache:Tschechisch
Schlagworte:
Tags: Tag hinzufügen
Keine Tags, Fügen Sie das erste Tag hinzu!

MARC

LEADER 00000naa a2200000 4500
001 0181046
005 20231207121328.4
041 0 |a cze 
044 |a CZ 
245 1 0 |a Analýza státních dluhopisů jako indikátoru pro akciový trh  |c Marika Křepelová, Josef Jablonský 
520 |a Problematika odhadou budúcich výnosov na finančných trhoch. Dlhopisový trh ako indikátor akciového trhu. Porovnanie volatility štátneho dlhopisu a burzového indexu. Modelovanie volatility. 
610 2 0 |a trh finančný 
610 2 0 |a volatilita 
610 2 0 |a dlhopisy štátne 
610 2 0 |a indexy 
610 2 0 |a burzy 
610 2 0 |a trh akciový 
100 1 |a Křepelová, Marika 
700 1 |a Jablonský, Josef